Представление документа в формате MARC21

Поле Инд. ПП Название Значение
Тип записи a
Библиографический уровень m
001 Контрольный номер e688a2b5-e79c-44fc-82ee-d8682f20af1f
005 Дата корректировки 20131111134034.1
008 Кодируемые данные 991008 d
020 a ISBN 5-278-00333-2
c Цена, тираж 20-60,18-75
040 a Служба первич. каталог. НБ ТвГУ
041 a Код языка текста rus
080 a Индекс УДК 615.851.86
084 a Индекс другой классификации/Индекс ББК Ч516.914
090 x Авторский знак Л29
a Полочн. индекс Ч516.9
100 2_ a Автор Лах Ман Чун Григорий Ефимович
245 00 a Заглавие Эта замечательная йога, или Взгляд в себя
c Ответственность Г. Е. Лах Ман Чун
260 0_ a Место издания Москва
c Дата издания 1992
b Издательство Физкультура и спорт
300 a Объем 173,[1] с.
b Иллюстрации/ тип воспроизводства ил.
650 a Основная рубрика Физическая культура и спорт
650 a Основная рубрика Йогов система
653 a Ключевые слова Йога
a Ключевые слова Йогов система
a Ключевые слова Хатха-йога
852 t Порядковый номер экземпляра 3
p Инвентарный номер 629327
p Инвентарный номер 634948
p Инвентарный номер 629330
852 t Порядковый номер экземпляра 2
p Инвентарный номер 629328
p Инвентарный номер 629329
852 t Порядковый номер экземпляра 1
p Инвентарный номер 629331
999 a Подразделение 2 кх.
a Подразделение 2 аб.
a Подразделение 2 Фил2